01304cam a22003011 4500001001300000003000400013005001700017008004100034010001700075035001900092040002600111042001200137050002200149100002600171245011700197260002300314300007600337410008200413500015600495504003100651650004300682650004700725650004800772650004300820700006300863710002900926740004700955gs 60000207 DLC20260227111409.0781129s1960 msuab s000 0 eng  ags 60000207  a(OCoLC)4404084 aDLCcMsSMdOCoLCdDLC apremarc00aQE129b.A2 no. 871 aParks, William Scott.10aPrentiss County geologyc[by] William Scott Parks. Ground-water resources [by] B. E. Ellison and E. H. Boswell. aUniversity,c1960. a110, 44 p.billus., maps (part fold.) diagrs., profile, tables.c23 cm.20aMississippi Geological, Economic, and Topographical SurveytBulletin,vno. 87 aPrepared by the United States Geological Survey in cooperation with the Mississippi Board of Water Commissioners and the Mississippi Geological Survey. aBibliography: p. 105-110. 0aGeologyzMississippizPrentiss County. 0aGroundwaterzMississippizPrentiss County. 0aWater-supplyzMississippizPrentiss County. 0aBoringszMississippizPrentiss County.1 aEllison, B. E.tGround-water resources of Prentiss County.2 aGeological Survey (U.S.)0 aGround-water resources of Prentiss County.